NBA Number 1 Draft Picks - Statistics

General Stats
  • This quiz has been taken 331 times
  • The average score is 15 of 25
Answer Stats
Year Answer % Correct
2003 Lebron James
94%
2023 Victor Wembanyama
94%
2020 Anthony Edwards
78%
2019 Zion Williamson
75%
2021 Cade Cunningham
74%
2022 Paolo Banchero
73%
2011 Kyrie Irving
71%
2024 Zaccharie Risacher
71%
2016 Ben Simmons
68%
2017 Markelle Fultz
65%
2014 Andrew Wiggins
62%
2012 Anthony Davis
62%
2013 Anthony Bennett
61%
2018 Deandre Ayton
60%
2015 Karl Anthony Towns
60%
2008 Derrick Rose
56%
2007 Greg Oden
52%
2009 Blake Griffin
50%
2004 Dwight Howard
47%
2010 John Wall
42%
2002 Yao Ming
38%
2005 Andrew Bogut
34%
2001 Kwame Brown
32%
2006 Andrea Bargnani
28%
2000 Kenyon Martin
24%
No matching quizzes found
Score Distribution
Percent of People with Each Score
Percentile by Number Answered
Your Score History
You have not taken this quiz